The Arden edition of the works of William Shakespeare : (Record no. 34893)
[ view plain ]
| 000 -LEADER | |
|---|---|
| fixed length control field | 00900nam a2200265 a 4500 |
| 001 - CONTROL NUMBER | |
| control field | 34893 |
| 003 - CONTROL NUMBER IDENTIFIER | |
| rucl marc code | BD-RjUL |
| 005 - DATE AND TIME OF LATEST TRANSACTION | |
| control field | 20211209052228.0 |
| 008 - FIXED-LENGTH DATA ELEMENTS--GENERAL INFORMATION | |
| fixed length control field | 140519r1961 uk | 000 0 eng |
| 035 ## - SYSTEM CONTROL NUMBER | |
| System control number | (BD-RjUL)34987 |
| System control number | (OCoLC)1476114 |
| 040 ## - CATALOGING SOURCE | |
| Original cataloging agency | DLC |
| Transcribing agency | OTU |
| Modifying agency | OCoLC |
| -- | DLC |
| -- | BD-RjUL |
| Language of cataloging | eng |
| 041 ## - LANGUAGE CODE | |
| Language code of text/sound track or separate title | eng |
| 082 00 - DEWEY DECIMAL CLASSIFICATION NUMBER | |
| Classification number | 822.3309 |
| Author mark and year | SHA 1961 |
| 100 ## - MAIN ENTRY--PERSONAL NAME | |
| Personal name | Shakespeare, William |
| 9 (RLIN) | 248444 |
| 245 14 - TITLE STATEMENT | |
| Title | The Arden edition of the works of William Shakespeare : |
| Remainder of title | Julius Cรฆsar / |
| Statement of responsibility, etc. | William Shakespeare ; ed. by T. S. Dorsch |
| 250 ## - EDITION STATEMENT | |
| Edition statement | 6th ed., rev. and reset, special school ed. |
| 260 ## - PUBLICATION, DISTRIBUTION, ETC. (IMPRINT) | |
| Place of publication, distribution, etc. | Strand : |
| Name of publisher, distributor, etc. | Methuen & Co. Ltd., |
| Date of publication, distribution, etc. | 1955 [Reprinted 1961] |
| 300 ## - PHYSICAL DESCRIPTION | |
| Pagination | Ixxiv, 166p. ; |
| Size | 20 cm. |
| 504 ## - BIBLIOGRAPHY, ETC. NOTE | |
| Bibliography, etc | Includes bibliographical references . |
| 650 ## - SUBJECT ADDED ENTRY--TOPICAL TERM | |
| Topical term or geographic name as entry element | English Drama |
| General subdivision | History and Criticism |
| 9 (RLIN) | 248445 |
| 700 ## - ADDED ENTRY--PERSONAL NAME | |
| Personal name | Dorsch, T. S. , ed. |
| 942 ## - ADDED ENTRY ELEMENTS (KOHA) | |
| Source of classification or shelving scheme | Dewey Decimal Classification |
| Koha item type | Rare Books |
| Lost status | Source of classification or shelving scheme | Damaged status | Not for loan | Collection code | Permanent Location | Current Location | Shelving location | Date acquired | Source of acquisition | Total Checkouts | Full call number | Date last seen | Copy number | Koha item type |
|---|---|---|---|---|---|---|---|---|---|---|---|---|---|---|
| Dewey Decimal Classification | Not For Loan | Rare Books | Central Library, University of Rajshahi | Central Library, University of Rajshahi | Rare Book Section | 21/09/1964 | Australia | RA 822.3309 SHA 1961 | 26/06/2014 | C-1 | Rare Books |